| 000 | 00461nam a2200157Ia 4500 | ||
|---|---|---|---|
| 008 | 240729s9999 xx 000 0 und d | ||
| 022 | _a2815-2875 | ||
| 245 | 0 | _aBulgarian Journal of International Economics and Politics | |
| 260 | _aBulgaria | ||
| 260 | _bUNWE Publishing Complex | ||
| 650 | _a International relations | ||
| 650 | _aPolitical science | ||
| 856 | _uhttps://doaj.org/toc/4fb0f399c6324f028c18c2e9634c3b18 | ||
| 942 | _2ddc | ||
| 942 | _cDOAJEJ | ||
| 999 |
_c72428 _d72428 |
||
| 945 |
_a1 _bMadushi Gamage _c1 _dMadushi Gamage |
||